Perspectives in aquaculture development in Southeast Asia and Japan : (Record no. 12784)

000 -LEADER
fixed length control field 00708cam a2200181 a 4500
020 ## - INTERNATIONAL STANDARD BOOK NUMBER
ISBN 971851113X
040 ## - CATALOGING SOURCE
Transcribing agency DLC
082 00 - DEWEY DECIMAL CLASSIFICATION NUMBER
Classification number 639 AQU 1998 A042 Co.
245 00 - TITLE STATEMENT
Title Perspectives in aquaculture development in Southeast Asia and Japan :
Remainder of title proceedings of the Seminar on Aquaculture Development in Southeast Asia, Iloilo City, Philippines, 8-12 September 1987 /
260 ## - PUBLICATION, DISTRIBUTION, ETC. (IMPRINT)
Place of publication Tigbauan, Iloilo, Philippines :
Name of publisher Aquaculture Dept., Southeast Asian Fisheries Development Center,
Year of publication 1988.
300 ## - PHYSICAL DESCRIPTION
Number of Pages 316 p. :
Other physical details ill. :;
Dimensions 23 cm.
650 #0 - SUBJECT ADDED ENTRY--TOPICAL TERM
Topical Term Aquaculture
650 #0 - SUBJECT ADDED ENTRY--TOPICAL TERM
Topical Term Aquaculture
700 1# - ADDED ENTRY--PERSONAL NAME
Personal name Juario, J.V.
700 1# - ADDED ENTRY--PERSONAL NAME
Personal name Benitez. L. V.
710 2# - ADDED ENTRY--CORPORATE NAME
Corporate name or jurisdiction name as entry element Southeast Asian Fisheries Development Center.
942 ## - ADDED ENTRY ELEMENTS (KOHA)
Koha item type សៀវភៅភាសាអង់គ្លេស
952 ## - LOCATION AND ITEM INFORMATION (KOHA)
Withdrawn status [LOCAL, KOHA] 0
Holdings
Permanent Location Date acquired Koha item type Lost status Shelving location Barcode Current Location Full call number
Library Block A2017-08-17សៀវភៅភាសាអង់គ្លេស A042A17542Library Block A639 AQU 1998 A042 Co.
មជ្ឈមណ្ឌលឯការនៃសាកលវិទ្យាល័យភូមិន្ទកសិកម្មចំការដូង

Powered by Koha